Rynočnyje reformy v Pol'še i k vostoku ot neje.

Porovnanie poľskej a sovietskej ekonomickej reformy v období po r. 1985. Skúmanie otázky, aká je kritická miera postkomunistických ekonomických transformácií, po uskutočnení ktorých už nie je možný návrat k predchádzajúcemu ekonomickému systému.

Gespeichert in:
Bibliographische Detailangaben
1. Verfasser: Samonis, V.
Weitere Verfasser: Sani, G.
Format: Buchkapitel
Sprache:Russisch
Schlagworte:
Tags: Tag hinzufügen
Keine Tags, Fügen Sie das erste Tag hinzu!

MARC

LEADER 00000naa a2200000 4500
001 r010415
005 20221130113153.7
041 0 |a rus 
044 |a [SU] 
245 1 0 |a Rynočnyje reformy v Pol'še i k vostoku ot neje.  |c V. Samonis, G. Sani 
520 |a Porovnanie poľskej a sovietskej ekonomickej reformy v období po r. 1985. Skúmanie otázky, aká je kritická miera postkomunistických ekonomických transformácií, po uskutočnení ktorých už nie je možný návrat k predchádzajúcemu ekonomickému systému. 
610 2 0 |a PR 
610 2 0 |a reformy hospodárske 
610 2 0 |a transformácia 
610 2 0 |a 1985-1991 
610 2 0 |a hospodárstvo trhové 
610 2 0 |a Spoločenstvo nezávislých štátov 
100 1 |a Samonis, V. 
700 1 |a Sani, G.